| 000 | 00641nam a2200193 a 4500 | ||
|---|---|---|---|
| 003 | AM-YEHGA | ||
| 005 | 20260309164113.0 | ||
| 008 | 260220s2025 ai a||||||||||00||0|arm|d | ||
| 020 | _a978-5-8080-1588-3 | ||
| 040 | _aAM-YeHGA | ||
| 041 | 0 | _aarm | |
| 245 | 0 | 0 |
_aԳիրս մնա հիշատակող... Լալիկ Խաչատրյան / _cԿազմ.՝ Մ. Միրումյան. |
| 260 |
_aԵրևան : _bՀՀ ԳԱԱ «Գիտություն» հրատ., _c2025. |
||
| 300 | _a267 էջ | ||
| 650 | 1 | 4 |
_aՀայ հուշագրություն _95766 |
| 700 | 1 |
_aՄիրումյան, Մարգուշ _eկազմ. _4com |
|
| 942 |
_2udc _cBK |
||
| 001 | 2051075 | ||
| 999 |
_c541661 _d541661 |
||